|
|
|
|
| LEADER |
00000nam a22000007a 4500 |
| 005 |
20210224203956.0 |
| 007 |
cr|||| ||| |
| 008 |
210224s2017 us |||||s|||| 00||0 eng d |
| 020 |
|
|
|a 9781634258029
|
| 035 |
|
|
|a 31214
|
| 040 |
|
|
|a vLex
|
| 090 |
|
|
|c 11244
|d 11244
|
| 100 |
1 |
|
|a Ravich, Timothy M.
|
| 245 |
1 |
0 |
|a Commercial Drone Law
|h [Recurso electrn̤ico] :
|b Digest of U.S. and Global UAS Rules, Polices, and Practices /
|c Timothy M. Ravich
|
| 256 |
|
|
|a Servicio en ln̕ea
|
| 260 |
|
|
|a Chicago:
|b American Bar Association,
|c 2017
|
| 300 |
|
|
|a 1 recurso electrn̤ico
|
| 500 |
|
|
|a Commercial Drone Law: Digest of U.S. and Global UAS Rules, Polices, and Practices identifies and explains drone law for the academic, practitioner, and student, in a fundamental, yet comprehensive way.
|
| 506 |
1 |
|
|a Disponible solo en los productos indicados
|d vLex Global
|d vLex Global (Academic Edition, excluding Law Schools)
|d vLex Global (Academic Edition, Law Schools)
|
| 650 |
0 |
4 |
|a Derecho Pb︢lico y Administrativo
|z Estados Unidos
|
| 650 |
0 |
4 |
|a Derecho Mercantil y de la Empresa
|z Estados Unidos
|
| 740 |
0 |
|
|a vLex Libros (Servicio en ln̕ea)
|
| 856 |
4 |
0 |
|u http://vlex.com/source/commercial-drone-law-digest-of-u-s-and-global-uas-rules-polices-and-practices-31214
|z Acceso restringido
|
| 942 |
|
|
|c BOOK
|
| 999 |
0 |
|
|a Public and Administrative Law
|
| 999 |
0 |
|
|a Commercial and Company Law
|